Improving efficiency and containing costs health care reform in southern Europe

Na minha lista:
Detalhes bibliográficos
Autor principal: Guillén, Ana M.
Formato: Livro
Idioma:inglês
Publicado em: San Domenico (FI) European University Institute 1999
Colecção:EUI Working paper EUF No. 99/16
Assuntos:
Tags: Adicionar Tag
Sem tags, seja o primeiro a adicionar uma tag!

MARC

LEADER 00000nam a2200000 4500
001 c132433
005 20221108123816.4
041 0 |a eng 
044 |a IT 
245 1 0 |a Improving efficiency and containing costs  |b health care reform in southern Europe  |c Ana M. Guillén 
264 1 |a San Domenico (FI)  |b European University Institute  |c 1999 
300 |a 42 s. 
490 1 |a EUI Working paper EUF  |v No. 99/16 
830 0 |a EUI Working paper EUF  |v No. 99/16 
610 2 0 |a zdravie 
610 2 0 |a zdravotníctvo 
610 2 0 |a ochrana zdravia 
610 2 0 |a politika sociálna 
610 2 0 |a náklady 
610 2 0 |a reformy 
610 2 0 |a Európa 
100 1 |a Guillén, Ana M.